000
00257nam a22001217a 4500
999
_c
533691
_d
533691
020
_a
0792279522
040
_c
MSOHAIL
082
_a
919.40465
100
_a
Roff Smith
_9
27652
245
_a
Cold Beer and Crocodiles
300
_a
284;p;
942
_2
ddc
_c
BK